000 00818cab a2200241 4500
001 ABS54747
008 090401t1996 xxu||||| |||| 00| 0 eng d
035 _a(Sirsi) u12113
041 _aeng
100 _aHirst, P.
245 _aClaims: don`t admit to anything!
260 _c1996
350 _a0
490 _aCSM (Chartered Surveyor Monthly)
_v5(6) March 1996, 37(1)
520 _aStresses the importance of notifying professional indemnity insurance claims to insurance companies in writing in order to comply with conditions of insurance policies.
650 _aINSURANCE COMPANIES
650 _aPROFESSIONAL INDEMNITY INSURANCE
650 _aWRITTEN CONFIRMATION
690 _aINSURANCE
_96249
690 _aMANAGEMENT-BUSINESS MANAGEMENT-PROFESSIONAL PRACTICE
942 _n0
948 _c04/03/1997
999 _c7750
_d7750